000 00981nam0a22002411 4500
001 rc\2309374
005 20110829141913.3
035 _a(NLR Aleph) 006469140
090 _a5916528
_c5916528
100 _a20110829d1977 |||y0rusy50 ca
101 0 _arus
102 _aRU
105 _aa z |||||
200 1 _aТопливоподача на ТЭС
_eУчеб. пособие
_fМ-во высш. и сред. спец. образования РСФСР. Иван. гос. ун-т им. Первого в России Ивано-Вознесен. общегор. Совета рабочих депутатов. Иван. энерг. ин-т им. В.И. Ленина
210 _aИваново
_cБ. и.
_d1977
215 _a56 с.
_cил.
_d20
320 _aБиблиогр.: с. 55
700 1 _aШарков
_bА. Т.
_gАлександр Тимофеевич
801 0 _aRU
_bNLR
_gpsbo
801 1 _aRU
_bELAR
_2rusmarc
852 _aNLR
_j78-4/13893
942 _cBOOK
980 _aNB